000 00562nam a2200169 i 4500
001 70736
003 ES-MaACL
007 t|
008 040802s1948 sp ||||1| spa d
100 1 _aGarret, Eileen J.
_955654
245 1 0 _aTelepatía
_b: (en busca de una facultad perdida) /
_cEileen J. Garret ; traducción del inglés por J. G. de Luaces.
260 _aBarcelona :
_bE.A.,
_c[1948] (
_fGráf. Londres)
300 _a169 p. ;
_c19 cm.
700 1 _aLuaces, Juan G. de.
_974483
700 1 _aDurán, Fernando.
_946181
852 _aES-MaACL
_jB-7367
_bR.28888
999 _c70736
_d70736